[Event "Gran Canaria-ch U10"]
[Site "Gran Canaria"]
[Date "2013.03.09"]
[Round "5.3"]
[White "Babayev, Riyad"]
[Black "Guerrero Orihuela, Juan Antonio"]
[Result "1-0"]
[WhiteElo "1200"]
[BlackElo "1200"]
[PlyCount "41"]
[EventDate "2013.03.08"]
[EventType "tourn"]
[EventRounds "7"]
[EventCountry "ESP"]
[SourceTitle "EXT 2024"]
[Source "ChessBase"]
[SourceDate "2023.10.10"]
[SourceVersion "1"]
[SourceVersionDate "2023.10.10"]
[SourceQuality "1"]

1. e4 e5 2. Nf3 Nc6 3. Nc3 Bc5 4. Bb5 Nf6 5. Bxc6 dxc6 6. 0-0 Bg4 7. d3 0-0 8. Be3 Bxe3 9. fxe3 Qd6 10. h3 Bh5 11. Qe2 Qb4 12. a3 Qxb2 13. Qd2 Bxf3 14. gxf3 Rad8 15. Rfb1 Qxa1 16. Rxa1 c5 17. Qg2 a6 18. Kh1 b5 19. Rg1 g6 20. Qg5 Ne8 21. Qxd8 1-0

[Event "Gran Canaria-ch U10"]
[Site "Gran Canaria"]
[Date "2013.03.09"]
[Round "6.1"]
[White "Sanchez Santamaria, Raul"]
[Black "Babayev, Riyad"]
[Result "1/2-1/2"]
[WhiteElo "1200"]
[BlackElo "1200"]
[PlyCount "35"]
[EventDate "2013.03.08"]
[EventType "tourn"]
[EventRounds "7"]
[EventCountry "ESP"]
[SourceTitle "EXT 2024"]
[Source "ChessBase"]
[SourceDate "2023.10.10"]
[SourceVersion "1"]
[SourceVersionDate "2023.10.10"]
[SourceQuality "1"]

1. e4 e5 2. Nf3 Nc6 3. Nc3 Nf6 4. Bb5 Bb4 5. Bxc6 bxc6 6. Nxe5 Rb8 7. d3 Qe7 8. Bf4 Bxc3+ 9. bxc3 0-0 10. 0-0 Ne8 11. d4 Qe6 12. Bg5 Qg6 13. Be7 d6 14. Bxf8 Kxf8 15. Nxc6 Bh3 16. g3 Rb6 17. Nxa7 Bxf1 18. Qxf1 1/2-1/2